000 00724nam a22002417a 4500
999 _c33185
_d33185
001 2195
003 CO-MdFUSB
005 20170822093143.0
008 170822t1974 e ||||| |||| 00| 0 eng d
020 _a0-85111-829-1
040 _aCO-MdFUSB
_bspa
_cCO-MdFUSB
_dCO-MdFUSBC
_erda
041 0 _aeng
082 0 4 _aG 222.15 T4681d
100 1 _aThompson, J. A. (John Arthur) (1913-)
_eautor
245 1 0 _aDeuteronomy
_b: An introduction and commentary
_c / J. A. Thompson
264 4 _aDowers Grove, ILL., USA :
_b InterVarsity,
_c©1974
300 _a320 Pag
336 _2rdacontent
_a1
_ba1
337 _2rdamedia
_a2
_b5
338 _2rdacarrier
_a2
_b5
653 _aBiblia A.T. - Deuteronomio - Comentarios
942 _cBK